Operácie komerčných bánk na peňažnom a devízovom trhu

Uložené v:
Podrobná bibliografia
Hlavný autor: Pintér, Ľubomír
Médium: Kniha
Jazyk:Slovak
Vydavateľské údaje: Banská Bystrica Univerzita Mateja Bela, Ekonomická fakulta v Banskej Bystrici 2008
Predmet:
Tagy: Pridať tag
Žiadne tagy, Buďte prvý, kto otaguje tento záznam!

MARC

LEADER 00000nam$a2200000$$$4500
001 0093514
005 20221019101156.4
020 |a 978-80-8083-665-8 
041 0 |a slo 
044 |a SK 
245 1 0 |a Operácie komerčných bánk na peňažnom a devízovom trhu  |c Ľubomír Pinter 
264 1 |a Banská Bystrica  |b Univerzita Mateja Bela, Ekonomická fakulta v Banskej Bystrici  |c 2008 
300 |a 82 s. 
610 2 0 |a banky obchodné 
610 2 0 |a operácie bankové 
610 2 0 |a trh peňažný 
610 2 0 |a trh devízový 
610 2 0 |a trh finančný 
610 2 0 |a produkty 
100 1 |a Pintér, Ľubomír